<?xml version="1.0" encoding="UTF-8"?>
<collection xmlns="http://www.loc.gov/MARC21/slim">
 <record>
  <leader>00675pamaa2200217   4500</leader>
  <controlfield tag="001">0000052895</controlfield>
  <controlfield tag="005">20140821090000.0</controlfield>
  <controlfield tag="008">140821s2006</controlfield>
  <datafield tag="020" ind1="0" ind2="0">
   <subfield code="a">9780321484598 (pbk.) </subfield>
  </datafield>
  <datafield tag="020" ind1="0" ind2="0">
   <subfield code="a">0321484592 (pbk.) </subfield>
  </datafield>
  <datafield tag="090" ind1="0" ind2="0">
   <subfield code="a">HB171.5 </subfield>
   <subfield code="b">LEE 2006</subfield>
  </datafield>
  <datafield tag="100" ind1="1" ind2="0">
   <subfield code="a">Leeds </subfield>
  </datafield>
  <datafield tag="245" ind1="1" ind2="0">
   <subfield code="a">Economics  </subfield>
   <subfield code="c">Michael A. Leeds, Peter von Allmen, Richard C. Schiming.</subfield>
  </datafield>
  <datafield tag="260" ind1="0" ind2="0">
   <subfield code="a">Boston: </subfield>
   <subfield code="b">Pearson Addison-Wesley, </subfield>
   <subfield code="c">2006.</subfield>
  </datafield>
  <datafield tag="300" ind1=" " ind2=" ">
   <subfield code="a">xxxviii, 832 p.: </subfield>
   <subfield code="b">ill. (some col.); </subfield>
   <subfield code="c">26 cm.</subfield>
  </datafield>
  <datafield tag="501" ind1="0" ind2="0">
   <subfield code="a">FOBCAL</subfield>
  </datafield>
  <datafield tag="504" ind1="0" ind2="0">
   <subfield code="a">Includes bibliographical references and index</subfield>
  </datafield>
  <datafield tag="650" ind1="0" ind2="0">
   <subfield code="a">Economics </subfield>
  </datafield>
  <datafield tag="700" ind1="1" ind2="1">
   <subfield code="a">Von Allmen, </subfield>
   <subfield code="h">Peter </subfield>
  </datafield>
  <datafield tag="700" ind1="1" ind2="1">
   <subfield code="a">Schiming, </subfield>
   <subfield code="h">Richard C. </subfield>
  </datafield>
  <datafield tag="901" ind1=" " ind2=" ">
   <subfield code="u">http://www.pearsonhighered.com</subfield>
  </datafield>
 </record>
</collection>
